00531nam a2200193 a 4500001001300000003000900013005001700022008004100039020002300080082001700103100001800120245007300138260002400211300000900235500003500244505001000279650003000289700001800319nice12345678IN_TiNIC20260116012007.0050524s1977 gena grp 000 0 eng  a2825450 c10000a291.172bSAM aSamartha, S J aFaith in the Midst of Faithsb Reflections on Dialogue in Community. aGeneva bWCC c1977 a198p aincludes index and biblioraphy2 aIndex aReconciliation-Interfaith1 aSamartha, S J